000 00312nam a2200121Ia 4500
008 191201s1993 xx 000 0 und d
100 _aSLATER, K
245 0 _aPhysical Testing and Quality control
260 _aN. Delhi
_bThe Textile Association
_c1993
300 _a171
650 _aB.Tech(TE)
942 _2ddc
_cBK
999 _c4519
_d4519